| Current Events - U.S. | 3 | 20.00 | 67% | 67% | 67% |
| Current Events - World | 1 | 20.00 | 100% | 100% | 0% |
| Fine Arts - Jazz | 1 | 20.00 | 100% | 100% | 0% |
| Fine Arts - Miscellaneous | 3 | 13.33 | 100% | 33% | 0% |
| Fine Arts - Music | 11 | 16.36 | 82% | 64% | 18% |
| Fine Arts - Opera | 2 | 15.00 | 100% | 50% | 0% |
| Fine Arts - Painting | 7 | 15.71 | 100% | 57% | 0% |
| Fine Arts - Photography | 2 | 15.00 | 100% | 50% | 0% |
| Fine Arts - Sculpture | 3 | 10.00 | 100% | 0% | 0% |
| Geography - Europe | 1 | 20.00 | 100% | 100% | 0% |
| Geography - World | 4 | 12.50 | 100% | 25% | 0% |
| History - American | 7 | 14.29 | 100% | 29% | 14% |
| History - Cross, Historiography, and Miscellaneous | 4 | 17.50 | 75% | 75% | 25% |
| History - European | 9 | 20.00 | 89% | 78% | 33% |
| History - World | 7 | 18.57 | 86% | 86% | 14% |
| Literature - American | 6 | 18.33 | 83% | 67% | 33% |
| Literature - British | 4 | 22.50 | 100% | 75% | 50% |
| Literature - European | 6 | 21.67 | 100% | 67% | 50% |
| Literature - World and Miscellaneous | 8 | 22.50 | 88% | 88% | 50% |
| Other - Other Academic and General Knowledge | 6 | 11.67 | 83% | 33% | 0% |
| RMP - Christian Practice | 2 | 5.00 | 50% | 0% | 0% |
| RMP - Greco-Roman Mythology | 1 | 20.00 | 100% | 100% | 0% |
| RMP - Islam | 3 | 10.00 | 100% | 0% | 0% |
| RMP - New Testament | 3 | 13.33 | 100% | 33% | 0% |
| RMP - Other Religion | 1 | 10.00 | 100% | 0% | 0% |
| RMP - Philosophy | 1 | 20.00 | 100% | 100% | 0% |
| RMP - World Mythology | 3 | 23.33 | 100% | 100% | 33% |
| Science - Astronomy | 3 | 23.33 | 100% | 67% | 67% |
| Science - Biology | 6 | 13.33 | 83% | 33% | 17% |
| Science - Chemistry | 8 | 11.25 | 88% | 25% | 0% |
| Science - Computer Science | 1 | 10.00 | 100% | 0% | 0% |
| Science - Earth | 1 | 10.00 | 100% | 0% | 0% |
| Science - Engineering and Miscellaneous | 1 | 0.00 | 0% | 0% | 0% |
| Science - Math | 3 | 10.00 | 100% | 0% | 0% |
| Science - Physics | 7 | 14.29 | 100% | 43% | 0% |
| Social Science - Anthropology | 1 | 20.00 | 100% | 100% | 0% |
| Social Science - Economics | 2 | 10.00 | 100% | 0% | 0% |
| Social Science - Linguistics | 1 | 10.00 | 100% | 0% | 0% |
| Social Science - Other | 1 | 20.00 | 100% | 100% | 0% |
| Social Science - Sociology | 1 | 20.00 | 100% | 100% | 0% |